| 000 | 00000nam##2200000za#4500 |
| 001 | 9.699184 |
| 003 | CaOODSP |
| 005 | 20210625000251 |
| 007 | cr ||||||||||| |
| 008 | 150407|1978||||xxc|||||o f|0| 0 eng|d |
| 040 | |aCaOODSP|beng |
| 043 | |an-cn--- |
| 086 | 1 |aEn40-311/1978E-PDF |
| 110 | 1 |aCanada. |bEnvironment Canada. |bEnvironmental Protection Service. |
| 245 | 14|aThe basics of oil spill cleanup : |h[electronic resource]|bwith particular reference to southern Canada / |cMervin F. Fingas, Wayne S. Duval, and Gail B. Stevenson ; illustrated by Sharon Galenzoski. |
| 260 | |aOttawa - Ontario : |bEnvironment Canada. |c1979, c1978. |
| 300 | |a40, 40p.|bfigs. (some coloured), glossary, tables, photographs |
| 500 | |a[Digitized, 2010?]. The catalogue number (En40-311/1978) and ISBN (0-660-10101-7) for the bilingual print edition have been copied in this electronic publication. |
| 590 | |a14-21-Supp|b2014-12-11 |
| 690 | 07|aOil spills|2gcpds |
| 690 | 07|aPollution prevention|2gcpds |
| 775 | 08|tPrincipes fondamentaux du nettoyage des déversements d'hydrocarbures : |w(CaOODSP)9.643309 |
| 856 | 40|ahttp://publications.gc.ca|qPDF|s9.85 MB|uhttps://publications.gc.ca/collections/collection_2014/ec/En40-311-1978-2-eng.pdf |
| 856 | 40|ahttp://publications.gc.ca|qPDF|s12.56 MB|uhttps://publications.gc.ca/collections/collection_2014/ec/En40-311-1978-1-eng.pdf |